| 000 | 00903nam a22002417a 4500 | ||
|---|---|---|---|
| 999 |
_c65515 _d65515 |
||
| 005 | 20240530110828.0 | ||
| 008 | 190829s2006 ua g b 000 0 ara d | ||
| 017 |
_a2006/5844 _bمصر. دار الكتب |
||
| 020 | _a9772086077 | ||
| 040 |
_aEG-CaGPL _cEG-CaGPL |
||
| 082 | 0 | 4 |
_221 _a245 / _bع ش |
| 100 | 0 | _aعبدالعزيز المسعودى | |
| 245 | 1 | 2 |
_aالشوكانية الوهابية : _bتيار مستجد فى الفكر العربى الحديث / _cعبدالعزيز المسعودى |
| 250 | _aط1 | ||
| 260 |
_aالقاهرة : _bمكتبة مدبولى، _c2006. |
||
| 300 |
_a510 ص. ؛ _c24 سم. |
||
| 504 | _aيشتمل على ارجاعات ببليوجرافية | ||
| 650 | 0 | 7 |
_2qrmak _aالفرق الاسلامية |
| 650 | 0 | 7 |
_2qrmak _aالوهابية |
| 650 | 0 | 7 |
_2qrmak _aالشوكانية |
| 942 |
_2ddc _cBK |
||